La Liga Player of the Years - Statistics

General Stats
  • This quiz has been taken 37 times
  • The average score is 15 of 17
Answer Stats
Year Team Answer % Correct
24/25 Barcelona Raphinha
97%
13/14 Real Madrid Christiano Ronaldo
89%
23/24 Real Madrid Jude Bellingham
89%
21/22 Real Madrid Karim Benzema
89%
18/19 Barcelona Lionel Messi
89%
17/18 Barcelona Lionel Messi
89%
16/17 Barcelona Lionel Messi
89%
14/15 Barcelona Lionel Messi
89%
12/13 Barcelona Lionel Messi
89%
11/12 Barcelona Lionel Messi
89%
10/11 Barcelona Lionel Messi
89%
09/10 Barcelona Lionel Messi
89%
08/09 Barcelona Lionel Messi
89%
15/16 Atletico Madrid Antoine Griezmann
83%
19/20 Real Madrid Karim Benzema
80%
20/21 Atletico Madrid Jan Oblak
66%
22/23 Barcelona Marc-Andre ter Stegen
66%
No matching quizzes found
Score Distribution
Percent of People with Each Score
Percentile by Number Answered
Your Score History
You have not taken this quiz